<?xml version="1.0" encoding="UTF-8"?>
<record
    xmlns:xsi="http://www.w3.org/2001/XMLSchema-instance"
    xsi:schemaLocation="http://www.loc.gov/MARC21/slim http://www.loc.gov/standards/marcxml/schema/MARC21slim.xsd"
    xmlns="http://www.loc.gov/MARC21/slim">

  <leader>01973ngm a22001691i 4500</leader>
  <controlfield tag="001">24994</controlfield>
  <datafield tag="090" ind1=" " ind2=" ">
    <subfield code="a">24994</subfield>
  </datafield>
  <datafield tag="100" ind1=" " ind2=" ">
    <subfield code="a">20120424u        u  u0frey50      ba</subfield>
  </datafield>
  <datafield tag="200" ind1="1" ind2=" ">
    <subfield code="a">Engano mortal</subfield>
  </datafield>
  <datafield tag="101" ind1="0" ind2=" ">
    <subfield code="c">eng</subfield>
  </datafield>
  <datafield tag="215" ind1=" " ind2=" ">
    <subfield code="d">1 DVD (aprox. 95 minutos) : color.; 19 cm</subfield>
  </datafield>
  <datafield tag="300" ind1=" " ind2=" ">
    <subfield code="a">N&#xBA;  de registo 7506/03. - M/ 12 anos. - Legendado em portugu&#xEA;s. - Oferta de Ernesto Gois</subfield>
  </datafield>
  <datafield tag="330" ind1=" " ind2=" ">
    <subfield code="a">Elenco: Kate Jackson, Joanna Pacula, Joan Collins, Jack Scalia, Rob Stewart, Lisa Schrage, Tanja Reichert e Sharon Scott. Sinopse: Risa Stanton tem tudo na vida. Ela &#xE9; a segunda mulher de um bem sucedido homem de neg&#xF3;cios, Fin Gallagher, e &#xE9; ela que trata da filha deste Anita, que ama como uma m&#xE3;e. Os Gallagher vivem uma exist&#xEA;ncia abastada, que a maior parte das pessoas apenas pode sonhar em ter. Mas o mundo perfeito de Rita vai estilha&#xE7;ar-se de um momento para o outro quando uma noite, ap&#xF3;s uma festa, ela regressa a casa e encontra o corpo de Fin, sem vida, no quartodeste. Apesar de cooperar nas investiga&#xE7;&#xF5;es de que o detective da pol&#xED;cia, Malloy, &#xE9; encarregado, Risa v&#xEA;-se acusada e presa, vindo a ser considerada culpada e condenada &#xE0; morte. A caminho da pris&#xE3;o, Risa aproveita a oportunidade que lhe proporcionam duas outras prisioneiras ao capturarem a viatura que as transporta, e foge.  Esta &#xE9; a sua &#xFA;nica possibilidade para descobrir o verdadeiro culpado e limpar o seu nome. Sob disfarce Risa percorre, ent&#xE3;o, a cidade em que vivera toda a sua exist&#xEA;ncia, acabando por descobrir que Fin levava uma vida dupla. Algumas interroga&#xE7;&#xF5;es atormentam-na. A vida secreta do marido, a falta de dez milh&#xF5;es de d&#xF3;lares numa das duas contabilidades do escrit&#xF3;rio e a intrigante atit&#xFA;de do s&#xF3;cio do marido, Bret, t&#xE3;o desejoso de a ajudar a sair do pa&#xED;s, que significado podem ter?... </subfield>
  </datafield>
  <datafield tag="700" ind1=" " ind2="1">
    <subfield code="a">Bond</subfield>
    <subfield code="b">Timothy</subfield>
    <subfield code="4">370</subfield>
  </datafield>
  <datafield tag="210" ind1=" " ind2=" ">
    <subfield code="c">Trisan</subfield>
    <subfield code="d">2003</subfield>
  </datafield>
  <datafield tag="996" ind1=" " ind2=" ">
    <subfield code="f">0022750</subfield>
    <subfield code="k">BON</subfield>
    <subfield code="u">M/ 12 anos</subfield>
    <subfield code="m">00000000</subfield>
    <subfield code="n">00000000</subfield>
    <subfield code="a">BMVA</subfield>
    <subfield code="b">1</subfield>
    <subfield code="v">Viana do Alentejo</subfield>
    <subfield code="x">Psicologia</subfield>
    <subfield code="y">25</subfield>
    <subfield code="e">DVD</subfield>
    <subfield code="1">0</subfield>
    <subfield code="3">1</subfield>
  </datafield>
  <datafield tag="990" ind1=" " ind2=" ">
    <subfield code="c">FILMES DVD</subfield>
  </datafield>
  <datafield tag="995" ind1=" " ind2=" ">
    <subfield code="0">0</subfield>
    <subfield code="1">0</subfield>
    <subfield code="9">34204</subfield>
    <subfield code="b">BMVA</subfield>
    <subfield code="d">BMVA</subfield>
    <subfield code="e">Psicologia</subfield>
    <subfield code="f">0001132VI</subfield>
    <subfield code="k">BON</subfield>
    <subfield code="m">2019-01-03</subfield>
    <subfield code="o">0</subfield>
    <subfield code="r">FILMES DVD</subfield>
    <subfield code="u">M/ 12 anos</subfield>
  </datafield>
</record>
